Contabilidad de empresas (Registro nro. 1615)

Detalles MARC
000 -LEADER
fixed length control field 01003 a2200205 4500
001 - CONTROL NUMBER
control field 27660
005 - DATE AND TIME OF LATEST TRANSACTION
control field 20260407155551.0
008 - FIXED-LENGTH DATA ELEMENTS--GENERAL INFORMATION
fixed length control field 260407a1958 arg spa d
003 - CONTROL NUMBER IDENTIFIER
control field AR-UNSa-BCEJYS
040 ## - CATALOGING SOURCE
Original cataloging agency AR-UNSa-BCEJYS
Language of cataloging spa
Transcribing agency AR-UNSa-BCEJYS
080 ## - UNIVERSAL DECIMAL CLASSIFICATION NUMBER
Universal Decimal Classification number 657
Common auxiliary subdivision Contabilidad
100 1# - MAIN ENTRY--PERSONAL NAME
Personal name Batardon, Leon
245 10 - TITLE STATEMENT
Title Contabilidad de empresas
250 ## - EDITION STATEMENT
Edition statement 8a. reimp.
264 #1 - PRODUCTION, PUBLICATION, DISTRIBUTION, MANUFACTURE, AND COPYRIGHT NOTICE
Place of production, publication, distribution, manufacture Barcelona :
Name of producer, publisher, distributor, manufacturer Labor
Date of production, publication, distribution, manufacture, or copyright notice 1958
300 ## - PHYSICAL DESCRIPTION
Extent 320 p.
Dimensions 20 cm.
505 ## - FORMATTED CONTENTS NOTE
Formatted contents note Parte I: Aplicaciones diversas de la contabilidad : 1. Organización de una contailidad - 2. La contabilidad aplicada a la vida privada - 3. Contabilidad aplicada a las sociedades - 4. Nociones de contabilidad industrial - 5. Nociones de contabilidad bancaria - 6. Contabilidad aplicada a los negocios en comisión - Parte II: Complementos: 1. Nociones de gestión comercial e industrial - 2. Cuenta corrientes con intereses - 3. Del examen de los balances - Apendice del traductor.
590 ## - LOCAL NOTE (RLIN)
Local note niveau_biblio:m niveau_hierar:0
942 ## - ADDED ENTRY ELEMENTS (KOHA)
Koha item type
Existencias
Withdrawn status Lost status Damaged status Not for loan Home library Current library Shelving location Date acquired Total checkouts Full call number Barcode Date last seen Price effective from Koha item type
        Biblioteca Prof. Eusebio Cleto del Rey Biblioteca Prof. Eusebio Cleto del Rey   07/04/2026   657 B328 L20011 07/04/2026 07/04/2026 Libro
        Biblioteca Prof. Eusebio Cleto del Rey Biblioteca Prof. Eusebio Cleto del Rey   07/04/2026   657 B328 L22837 07/04/2026 07/04/2026 Libro
        Biblioteca Prof. Eusebio Cleto del Rey Biblioteca Prof. Eusebio Cleto del Rey   07/04/2026   657 B328 L22836 07/04/2026 07/04/2026 Libro